Foo Fighters "The Colour And The Shape" Songs - Statistics

General Stats
  • This quiz has been taken 5 times
  • The average score is 10 of 14
Answer Stats
Track Answer % Correct
11 Everlong
100%
2 Monkey Wrench
100%
7 My Hero
100%
1 Doll
80%
10 February Stars
80%
3 Hey, Johnny Park!
80%
14 The Colour And The Shape
80%
12 Walking After You
80%
9 Enough Space
60%
4 My Poor Brain
60%
13 New Way Home
60%
8 See You
60%
6 Up In Arms
60%
5 Wind Up
40%
No matching quizzes found
Score Distribution
Percent of People with Each Score
Percentile by Number Answered
Your Score History
You have not taken this quiz